Introduction to network security/ (Record no. 3123)
[ view plain ]
| 000 -LEADER | |
|---|---|
| fixed length control field | 00741nam a22002297a 4500 |
| 003 - CONTROL NUMBER IDENTIFIER | |
| control field | OSt |
| 005 - DATE AND TIME OF LATEST TRANSACTION | |
| control field | 20160624174620.0 |
| 008 - FIXED-LENGTH DATA ELEMENTS--GENERAL INFORMATION | |
| fixed length control field | 160624b xxu||||| |||| 00| 0 eng d |
| 020 ## - INTERNATIONAL STANDARD BOOK NUMBER | |
| International Standard Book Number | 978-1-58488-543-6 |
| 040 ## - CATALOGING SOURCE | |
| Transcribing agency | LIC |
| 082 ## - DEWEY DECIMAL CLASSIFICATION NUMBER | |
| Edition number | 2009 |
| Classification number | DC 005.8 |
| Item number | J15i |
| 100 ## - MAIN ENTRY--PERSONAL NAME | |
| 9 (RLIN) | 10417 |
| Personal name | Jacobson, Douglas |
| 245 ## - TITLE STATEMENT | |
| Title | Introduction to network security/ |
| Statement of responsibility, etc. | Douglas Jacobson |
| 260 ## - PUBLICATION, DISTRIBUTION, ETC. (IMPRINT) | |
| Place of publication, distribution, etc. | Boca Raton: |
| Name of publisher, distributor, etc. | CRC Press, |
| Date of publication, distribution, etc. | c2009. |
| 300 ## - PHYSICAL DESCRIPTION | |
| Extent | xxi,478 pages: |
| Other physical details | illustrations; |
| Dimensions | 24 cm. |
| 365 ## - TRADE PRICE | |
| Price amount | 6,250.00 |
| Currency code | Php |
| 440 ## - SERIES STATEMENT/ADDED ENTRY--TITLE | |
| 9 (RLIN) | 10420 |
| Title | Chapman and Hall/CRC computer and information science series) |
| 500 ## - GENERAL NOTE | |
| General note | Includes appendices and index. |
| 650 #0 - SUBJECT ADDED ENTRY--TOPICAL TERM | |
| 9 (RLIN) | 10418 |
| Topical term or geographic name as entry element | Computer networks |
| General subdivision | Security measures |
| 650 #0 - SUBJECT ADDED ENTRY--TOPICAL TERM | |
| 9 (RLIN) | 10419 |
| Topical term or geographic name as entry element | Computer security |
| 942 ## - ADDED ENTRY ELEMENTS (KOHA) | |
| Source of classification or shelving scheme | Dewey Decimal Classification |
| Koha item type | Circulation |
| Withdrawn status | Lost status | Source of classification or shelving scheme | Damaged status | Not for loan | Collection code | Home library | Current library | Date acquired | Source of acquisition | Total Checkouts | Full call number | Barcode | Date last seen | Copy number | Cost, replacement price | Price effective from | Koha item type |
|---|---|---|---|---|---|---|---|---|---|---|---|---|---|---|---|---|---|
| Dewey Decimal Classification | Circulation | UM Digos College - LIC | UM Digos College - LIC | 10/22/2009 | Purchased | DC 005.8 J15i 2009 | 20565 | 05/15/2025 | 1 | 6250.00 | 06/24/2016 | Circulation |
